000 04027cam a22004214a 4500
999 _c518
_d518
005 20171116125410.0
008 070123s2007 enk b 001 0 eng
010 _a 2007003105
015 _aGBA673949
_2bnb
016 7 _a013541076
_2Uk
020 _a9780199204939 (alk. paper)
020 _z0199204934 (alk. paper)
020 _a9780199204946 (alk. paper)
020 _z0199204942 (alk. paper)
035 _a(OCoLC)80020198
043 _ae------
_ae-uk-ni
049 _aZ$VA
050 0 0 _aK3240
_b.J833 2007
082 0 0 _a341.4/8
_222
245 0 0 _aJudges, transition, and human rights /
_cedited by John Morison, Kieran McEvoy, and Gordon Anthony.
260 _aOxford ;
_aNew York :
_bOxford University Press,
_c2007.
300 _axxxii, 567 p. ;
_c24 cm.
504 _aIncludes bibliographical references and index.
505 0 _aJudges, transition and human rights: essays in memory of Stephen Livingstone / John Morison, Kieran McEvoy, and Gordon Anthony -- PART I: JUDGES -- Separation of powers in a global context / Martin S. Flaherty -- The European Court of Human Rights as a "constitutional court": definitional debates and the dynamics of reform / Robert Harmsen -- The scope of the right to a fair trial guarantee in non-criminal cases in the European Convention on Human Rights / David Harris -- Deference owed under the separation of powers / Tom Zwart -- Judicial policy in a transforming constitution / Hugh Corder -- Litigating the agreement: towards a new judicial constitutionalism for the UK from Northern Ireland? / John Morison and Marie Lynch -- PART II: TRANSITION -- The battle for transitional justice: hegemony, Iraq and international law / Christine Bell, Colm Campbell, and Fionnuala Ní Aoláin -- Human rights and conflict resolution / Tom Hadden -- Habits of mind and "truth-telling": Article 2 ECHR in post-conflict Northern Ireland / Gordon Anthony and Paul Mageean -- The impact of the Human Rights Act in Northern Ireland / Brice Dickson -- Dangerous constitutional moments: the "tactic of legality" in Nazi Germany and the Irish Free State compared / Gerard Quinn -- Ireland, the European Convention on Human Rights and the personal contribution of Seán MacBride / William Schabas -- Mobilizing the professions: lawyers, politics and the collective legal conscience / Kieran McEvoy and Rachel Rebouche -- Consociationalism, equality and minorities in the Northern Ireland Bill of Rights debate: the role of the OSCE High Commissioner on National Minorities / Christopher McCrudden -- PART III: HUMAN RIGHTS -- The relationship between parliaments and national human rights institutions / Rachel Murray -- A view from the coal face: Northern Ireland, human rights activism and the war on terror / Maggie Beirne and Angela Hegarty -- Linking human rights and other goals / Kevin Boyle -- Corporations, human rights, and social inequality / Sally Wheeler -- Constitutionalism, deliberative democracy and human rights / David Feldman -- Reshaping constitutionalism / Murray Hunt -- Human rights and women's rights: the appeal to an international agenda in the promotion of women's equal citizenship / Elizabeth Meehan -- 'In the small places': education and human rights culture in conflict-affected societies / Lesley McEvoy and Laura Lundy -- Protecting the marginalized / Colin Harvey -- Risk and human rights: ending slopping out in a Scottish prison / Thérèse Murphy and Noel Whitty
650 0 _aHuman rights.
_917369
650 0 _aJudicial power.
_917370
650 0 _aDue process of law.
_917371
650 0 _aPolitical violence.
_917372
650 0 _aTerrorism.
_917373
650 0 _aHuman rights
_zEurope.
_917374
650 0 _aHuman rights
_zNorthern Ireland.
_917375
650 0 _aPolitical violence
_zNorthern Ireland.
_917376
700 1 _aMorison, John.
_917377
700 1 _aMcEvoy, Kieran.
_917378
700 1 _aAnthony, Gordon.
_917379
856 4 1 _3Table of contents only
_uhttp://www.loc.gov/catdir/toc/ecip079/2007003105.html
942 _2lcc
_cBOOK